<?xml version="1.0" encoding="UTF-8"?>
<record
    xmlns:xsi="http://www.w3.org/2001/XMLSchema-instance"
    xsi:schemaLocation="http://www.loc.gov/MARC21/slim http://www.loc.gov/standards/marcxml/schema/MARC21slim.xsd"
    xmlns="http://www.loc.gov/MARC21/slim">

  <leader>03046cam a2200349 a 4500</leader>
  <controlfield tag="003">EG-GiCUC</controlfield>
  <controlfield tag="005">20250223032053.0</controlfield>
  <controlfield tag="008">181001s2018    ua dho f m    000 0 eng d</controlfield>
  <datafield tag="040" ind1=" " ind2=" ">
    <subfield code="a">EG-GiCUC</subfield>
    <subfield code="b">eng</subfield>
    <subfield code="c">EG-GiCUC</subfield>
  </datafield>
  <datafield tag="041" ind1="0" ind2=" ">
    <subfield code="a">eng</subfield>
  </datafield>
  <datafield tag="049" ind1=" " ind2=" ">
    <subfield code="a">Deposite </subfield>
  </datafield>
  <datafield tag="097" ind1=" " ind2=" ">
    <subfield code="a">Ph.D</subfield>
  </datafield>
  <datafield tag="099" ind1=" " ind2=" ">
    <subfield code="a">Cai01.24.03.Ph.D.2018.Ah.S</subfield>
  </datafield>
  <datafield tag="100" ind1="0" ind2=" ">
    <subfield code="a">Ahmed Elprince Mohamed Ragab</subfield>
  </datafield>
  <datafield tag="245" ind1="1" ind2="0">
    <subfield code="a">Study of the effect of low level laser therapy on bone repair in rats / </subfield>
    <subfield code="c"> Ahmed Elprince Mohamed Ragab ; Supervised Yousry Mahmoud Mostafa , Nashwa Taher Abdelaziz , Ahmed Hassan Hussein</subfield>
  </datafield>
  <datafield tag="246" ind1="1" ind2="5">
    <subfield code="a">&#x62F;&#x631;&#x627;&#x633;&#x629; &#x62A;&#x623;&#x62B;&#x64A;&#x631; &#x627;&#x644;&#x644;&#x64A;&#x632;&#x631; &#x627;&#x644;&#x645;&#x646;&#x62E;&#x641;&#x636; &#x627;&#x644;&#x634;&#x62F;&#x629; &#x639;&#x644;&#x649; &#x625;&#x644;&#x62A;&#x626;&#x627;&#x645; &#x627;&#x644;&#x639;&#x638;&#x627;&#x645; &#x641;&#x649; &#x627;&#x644;&#x641;&#x626;&#x631;&#x627;&#x646;</subfield>
  </datafield>
  <datafield tag="260" ind1=" " ind2=" ">
    <subfield code="a">Cairo : </subfield>
    <subfield code="b">Ahmed Elprince Mohamed Ragab , </subfield>
    <subfield code="c">2018</subfield>
  </datafield>
  <datafield tag="300" ind1=" " ind2=" ">
    <subfield code="a">101 P. : </subfield>
    <subfield code="b">charts , facsimiles , photographs ; </subfield>
    <subfield code="c">25cm </subfield>
  </datafield>
  <datafield tag="502" ind1=" " ind2=" ">
    <subfield code="a">Thesis (Ph.D.) - Cairo University - National Institute of Laser Enhanced Science - Department of Laser Applications on in Medical and Biological</subfield>
  </datafield>
  <datafield tag="520" ind1=" " ind2=" ">
    <subfield code="a">Objective: This study was conducted to determine the effect of low level laser therapy (LLLT) on bone repair in rats. Materials and methods: Seventy two rats were assigned randomly into three groups, group (A) consisted of twenty four rats whose bone fracture didn{u2019}t receive laser therapy, group (B) consisted of twenty four rats whose bone fracture received He-Ne laser (632.8 nm) and group (C) consisted of twenty four rats whose bone fracture received Ga-As laser (905 nm). Each group was subdivided into three subgroups according to their sacrificing day on 15th, 30th and 45th post-operative days. Assessment of bone fracture healing was done through radiological analysis and histopathological analysis. Results: The results of this study revealed that group (C) showed more complete bone regeneration on 15th and 30th post-operative days when compared with groups (A&amp;B) according to the radiological findings. According to the histopathological analysis, on 15th and 30th postoperative days, there was no statistically significant difference between groups (A&amp;B) (p &gt; 0.05) in newly formed blood vessels, fibroblasts, osteiod and bone formation scores. While, there was a significant difference between groups (A&amp;C) and (B&amp;C) (p value &lt; 0.05) in favor of group (C). Conclusion: Ga-As laser showed a bio-stimulating effect on the rate of bone repair by stimulating the modulation of the initial inflammatory response and anticipating the resolution to normal condition at the earlier periods. Both He-Ne and Ga-As lasers were not different from the control group on 45th postoperative day</subfield>
  </datafield>
  <datafield tag="530" ind1=" " ind2=" ">
    <subfield code="a">Issued also as CD</subfield>
  </datafield>
  <datafield tag="653" ind1=" " ind2="4">
    <subfield code="a">Bone repair </subfield>
  </datafield>
  <datafield tag="653" ind1=" " ind2="4">
    <subfield code="a">Low level laser therapy </subfield>
  </datafield>
  <datafield tag="653" ind1=" " ind2="4">
    <subfield code="a">Low level laser therapy (LLLT) </subfield>
  </datafield>
  <datafield tag="700" ind1="0" ind2=" ">
    <subfield code="a">Ahmed Hassan Hussein , </subfield>
    <subfield code="e">Supervisor</subfield>
  </datafield>
  <datafield tag="700" ind1="0" ind2=" ">
    <subfield code="a">Nashwa Taher Abdelaziz , </subfield>
    <subfield code="e">Supervisor</subfield>
  </datafield>
  <datafield tag="700" ind1="0" ind2=" ">
    <subfield code="a">Yousry Mahmoud Mostafa , </subfield>
    <subfield code="e">Supervisor</subfield>
  </datafield>
  <datafield tag="856" ind1=" " ind2=" ">
    <subfield code="u">http://172.23.153.220/th.pdf</subfield>
  </datafield>
  <datafield tag="905" ind1=" " ind2=" ">
    <subfield code="a">Nazla</subfield>
    <subfield code="e">Revisor</subfield>
  </datafield>
  <datafield tag="905" ind1=" " ind2=" ">
    <subfield code="a">Shimaa</subfield>
    <subfield code="e">Cataloger</subfield>
  </datafield>
  <datafield tag="942" ind1=" " ind2=" ">
    <subfield code="2">ddc</subfield>
    <subfield code="c">TH</subfield>
  </datafield>
  <datafield tag="999" ind1=" " ind2=" ">
    <subfield code="c">67762</subfield>
    <subfield code="d">67762</subfield>
  </datafield>
  <datafield tag="952" ind1=" " ind2=" ">
    <subfield code="2">ddc</subfield>
    <subfield code="7">0</subfield>
    <subfield code="a">CUCL</subfield>
    <subfield code="b">cl210</subfield>
    <subfield code="d">2024-02-11</subfield>
    <subfield code="o">Cai01.24.03.Ph.D.2018.Ah.S</subfield>
    <subfield code="p">01010110075981000</subfield>
    <subfield code="r">2023-09-22 00:00:00</subfield>
    <subfield code="y">TH</subfield>
  </datafield>
  <datafield tag="952" ind1=" " ind2=" ">
    <subfield code="2">ddc</subfield>
    <subfield code="7">0</subfield>
    <subfield code="a">CUCL</subfield>
    <subfield code="b">cl2u8</subfield>
    <subfield code="d">2024-02-11</subfield>
    <subfield code="o">Cai01.24.03.Ph.D.2018.Ah.S</subfield>
    <subfield code="p">01020110075981000</subfield>
    <subfield code="r">2023-09-22 00:00:00</subfield>
    <subfield code="t">75981.CD     </subfield>
    <subfield code="y">CD</subfield>
  </datafield>
</record>
